[Event "Buenos Aires op 3rd"]
[Site "Buenos Aires"]
[Date "2025.07.16"]
[Round "8"]
[White "Crespo, Eugenio"]
[Black "Caceres Benitez, Arturo Eduardo"]
[Result "0-1"]
[WhiteElo "2183"]
[BlackElo "2328"]
[PlyCount "72"]
[EventDate "2025.07.11"]
[EventType "swiss"]
[EventRounds "9"]
[EventCountry "ARG"]
[SourceTitle "CB30_2025"]
[SourceDate "2025.07.23"]
[SourceVersion "1"]
[SourceVersionDate "2025.07.23"]
[SourceQuality "1"]

1. e4 c5 2. Nf3 e6 3. g3 Nc6 4. d3 g6 5. Bg2 Bg7 6. 0-0 Nge7 7. c3 0-0 8. Be3 b6 9. d4 cxd4 10. cxd4 d5 11. e5 f6 12. exf6 Bxf6 13. Nc3 Nf5 14. Re1 Qd7 15. a3 Qg7 16. Ne2 Bd7 17. Qd3 Rac8 18. Rad1 g5 19. g4 Nd6 20. Ng3 Be8 21. b3 h6 22. Bc1 Bg6 23. Qe3 Rfe8 24. Ne5 Bxe5 25. dxe5 Nb5 26. Bb2 d4 27. Qe2 Nc3 28. Bxc3 dxc3 29. Qe3 c2 30. Rc1 Red8 31. Bf1 Rd5 32. Bc4 Rxe5 33. Bxe6+ Kh8 34. Bxc8 Rxe3 35. Rxe3 Qb2 36. Ree1 Nd4 0-1

[Event "Buenos Aires op 3rd"]
[Site "Buenos Aires"]
[Date "2025.07.15"]
[Round "7"]
[White "Crespo, Eugenio"]
[Black "Zelaya Aragon, Eros Ivan"]
[Result "1-0"]
[WhiteElo "2183"]
[BlackElo "1974"]
[PlyCount "63"]
[EventDate "2025.07.11"]
[EventType "swiss"]
[EventRounds "9"]
[EventCountry "ARG"]
[SourceTitle "CB30_2025"]
[SourceDate "2025.07.23"]
[SourceVersion "1"]
[SourceVersionDate "2025.07.23"]
[SourceQuality "1"]

1. Nf3 d5 2. c4 d4 3. g3 c5 4. b4 cxb4 5. a3 e6 6. Bg2 Nc6 7. 0-0 Nf6 8. axb4 Bxb4 9. Ne5 Bd7 10. Nxd7 Nxd7 11. Na3 Bc5 12. Rb1 Bb6 13. e3 Rb8 14. Nb5 Bc5 15. Bb2 Nb6 16. Bxc6+ bxc6 17. Nxd4 Bxd4 18. Bxd4 0-0 19. Qg4 g6 20. Rfe1 Qe7 21. Qe4 c5 22. Bc3 Rbd8 23. Rb5 f6 24. d4 f5 25. Qb1 Nxc4 26. Rxc5 Nd6 27. Ba5 Rb8 28. Qa2 Rfc8 29. Bc7 Ne4 30. Bxb8 Rxb8 31. Rc7 Qd6 32. Qxa7 1-0

[Event "Buenos Aires op 3rd"]
[Site "Buenos Aires"]
[Date "2025.07.12"]
[Round "2"]
[White "Gualpa, Carlos Alberto"]
[Black "Crespo, Eugenio"]
[Result "0-1"]
[WhiteElo "1767"]
[BlackElo "2183"]
[PlyCount "74"]
[EventDate "2025.07.11"]
[EventType "swiss"]
[EventRounds "9"]
[EventCountry "ARG"]
[SourceTitle "CB30_2025"]
[SourceDate "2025.07.23"]
[SourceVersion "1"]
[SourceVersionDate "2025.07.23"]
[SourceQuality "1"]

1. d4 Nf6 2. Bf4 d5 3. Nf3 e6 4. e3 c5 5. Ne5 Nc6 6. c3 Nd7 7. Bb5 Qb6 8. a4 a6 9. Bxc6 bxc6 10. Qc2 cxd4 11. a5 d3 12. Nxd3 Qd8 13. b4 Qf6 14. Bg3 e5 15. Nd2 h5 16. h4 e4 17. Nf4 Bxb4 18. 0-0 Bd6 19. Nxe4 dxe4 20. Qxe4+ Ne5 21. Nd3 Bf5 22. Bxe5 Bxe4 23. Bxf6 gxf6 24. Rfd1 Rg8 25. g3 Rb8 26. Ne1 Be5 27. Rdc1 Rb3 28. Ra4 f5 29. f4 Bxc3 30. Rxc3 Rxc3 31. Rb4 Rxe3 32. Kf2 Rexg3 33. Rb6 Rh3 34. Ke2 Rg2+ 35. Kd1 Ra3 36. Nc2 Bxc2+ 37. Kc1 Be4 0-1

[Event "Santiago 2.5"]
[Site "Santiago de Chile"]
[Date "2025.03.14"]
[Round "8"]
[White "Arias Diaz, Miguel Angel"]
[Black "Crespo, Eugenio"]
[Result "1-0"]
[WhiteElo "1984"]
[BlackElo "2193"]
[PlyCount "67"]
[EventDate "2025.03.09"]
[EventType "swiss"]
[EventRounds "9"]
[EventCountry "CHI"]
[SourceTitle "CB12_2025"]
[SourceDate "2025.03.19"]
[SourceVersion "1"]
[SourceVersionDate "2025.03.19"]
[SourceQuality "1"]

1. d4 Nf6 2. c4 e6 3. Nc3 d5 4. cxd5 exd5 5. Bg5 Be7 6. e3 c6 7. Bd3 Nbd7 8. h3 Nf8 9. Qc2 Ne6 10. Bh4 g6 11. Nf3 0-0 12. 0-0 c5 13. dxc5 Nxc5 14. Rad1 Be6 15. Nd4 Rc8 16. Qb1 Nfd7 17. Bxe7 Qxe7 18. Be2 Rfd8 19. Rfe1 Ne5 20. Bf1 Nc4 21. Nxe6 Qxe6 22. Rxd5 Nd2 23. Rxd8+ Rxd8 24. Qc2 Nxf1 25. Rxf1 Qc4 26. Rd1 Rxd1+ 27. Qxd1 Nd3 28. Qd2 h5 29. b3 Qa6 30. Nd5 Qb5 31. e4 Kg7 32. Qc3+ Kg8 33. a4 Qa6 34. b4 1-0

[Event "Santiago 2.5"]
[Site "Santiago de Chile"]
[Date "2025.03.11"]
[Round "4"]
[White "Caceres Vasquez, Sergio"]
[Black "Crespo, Eugenio"]
[Result "0-1"]
[WhiteElo "2022"]
[BlackElo "2193"]
[PlyCount "74"]
[EventDate "2025.03.09"]
[EventType "swiss"]
[EventRounds "9"]
[EventCountry "CHI"]
[SourceTitle "CB12_2025"]
[SourceDate "2025.03.19"]
[SourceVersion "1"]
[SourceVersionDate "2025.03.19"]
[SourceQuality "1"]

1. d4 Nf6 2. c4 c5 3. d5 e6 4. Nc3 exd5 5. cxd5 d6 6. e4 g6 7. f4 Bg7 8. Bb5+ Nfd7 9. a4 Qh4+ 10. g3 Qe7 11. Nf3 0-0 12. 0-0 Na6 13. Re1 Nc7 14. Bf1 b6 15. e5 Bb7 16. Bc4 Rfd8 17. exd6 Qxd6 18. Ne4 Qf8 19. Neg5 Ne8 20. Rxe8 Rxe8 21. d6 h6 22. Bxf7+ Kh8 23. Bxe8 Rxe8 24. Nh4 Qf6 25. Ngf3 Re6 26. Ne5 Nxe5 27. fxe5 Rxe5 28. Nxg6+ Qxg6 29. d7 Re8 30. dxe8Q+ Qxe8 31. Bf4 Bd4+ 32. Kf1 Qe4 33. Be5+ Qxe5 34. Qg4 Qd5 35. Qf4 Ba6+ 36. Ke1 Qe6+ 37. Kd1 Qe2+ 0-1

[Event "Santiago 2.5"]
[Site "Santiago de Chile"]
[Date "2025.03.10"]
[Round "2"]
[White "Arias Diaz, Javier Alonso"]
[Black "Crespo, Eugenio"]
[Result "1/2-1/2"]
[WhiteElo "2010"]
[BlackElo "2193"]
[PlyCount "70"]
[EventDate "2025.03.09"]
[EventType "swiss"]
[EventRounds "9"]
[EventCountry "CHI"]
[SourceTitle "CB12_2025"]
[SourceDate "2025.03.19"]
[SourceVersion "1"]
[SourceVersionDate "2025.03.19"]
[SourceQuality "1"]

1. d4 Nf6 2. c4 e6 3. Nc3 Bb4 4. e3 0-0 5. Bd3 d5 6. Nf3 c5 7. 0-0 Nc6 8. a3 Bxc3 9. bxc3 dxc4 10. Bxc4 Qc7 11. Bd3 e5 12. Qc2 Re8 13. Nxe5 Nxe5 14. dxe5 Qxe5 15. f3 Be6 16. e4 c4 17. Be2 Qc5+ 18. Kh1 Rad8 19. a4 b6 20. Bd2 Bd5 21. Be1 Be6 22. Bf2 Qg5 23. Bd4 Nh5 24. Rfb1 f5 25. Rb5 Qh4 26. exf5 Ng3+ 27. Kg1 Nxf5 28. Bf2 Qf4 29. Qe4 Qxe4 30. fxe4 Nd6 31. Re5 Bf7 32. Rxe8+ Rxe8 33. Bf3 Nxe4 34. Bxe4 Rxe4 35. a5 bxa5 1/2-1/2

[Event "Santiago 2.5"]
[Site "Santiago de Chile"]
[Date "2025.03.09"]
[Round "1"]
[White "Crespo, Eugenio"]
[Black "Ricouz Vasquez, Enzo Joaquin"]
[Result "1-0"]
[WhiteElo "2193"]
[BlackElo "1872"]
[PlyCount "65"]
[EventDate "2025.03.09"]
[EventType "swiss"]
[EventRounds "9"]
[EventCountry "CHI"]
[SourceTitle "CB12_2025"]
[SourceDate "2025.03.19"]
[SourceVersion "1"]
[SourceVersionDate "2025.03.19"]
[SourceQuality "1"]

1. Nf3 Nf6 2. c4 c5 3. g3 Nc6 4. Bg2 g6 5. Nc3 Bg7 6. h4 d6 7. Rb1 0-0 8. a3 a5 9. d3 Bg4 10. Be3 e5 11. Qd2 Qd7 12. Ng5 Nd4 13. f3 Be6 14. g4 d5 15. Nxe6 Nxe6 16. g5 d4 17. gxf6 dxc3 18. bxc3 Bxf6 19. Rb5 Rfc8 20. h5 Rc7 21. hxg6 hxg6 22. Bh3 Be7 23. Qb2 Ra6 24. Bxe6 Qxe6 25. Rxb7 Rxb7 26. Qxb7 Bf8 27. Kf2 Rb6 28. Qa8 Qd6 29. a4 Rb8 30. Qd5 Qxd5 31. cxd5 c4 32. dxc4 Rc8 33. Rd1 1-0

[Event "Mendoza Bermejo Memorial"]
[Site "Mendoza"]
[Date "2023.05.19"]
[Round "3"]
[White "Crespo, Eugenio"]
[Black "Flores, Diego"]
[Result "0-1"]
[WhiteElo "2120"]
[BlackElo "2517"]
[PlyCount "66"]
[EventDate "2023.05.18"]
[EventType "swiss"]
[EventRounds "7"]
[EventCountry "ARG"]
[SourceTitle "CBM 214 Extra"]
[Source "ChessBase"]
[SourceDate "2023.07.31"]
[SourceVersion "1"]
[SourceVersionDate "2023.07.31"]
[SourceQuality "1"]

1. e4 c5 2. Nf3 e6 3. d4 cxd4 4. Nxd4 a6 5. Nc3 b5 6. g3 Bb7 7. Bg2 Ne7 8. 0-0 Nec6 9. Nxc6 Nxc6 10. Re1 Bc5 11. a4 Qb6 12. Be3 Bxe3 13. Rxe3 Ne5 14. Qh5 d6 15. Rd1 0-0 16. g4 f6 17. axb5 axb5 18. Kh1 b4 19. Ne2 Ra5 20. Qh4 Rfa8 21. Rh3 h6 22. Rb3 Ra1 23. Nc1 Qc6 24. c3 Qxe4 25. Bxe4 Bxe4+ 26. f3 Bxf3+ 27. Kg1 Bxd1 28. Kg2 Bxb3 29. Nxb3 Rg1+ 30. Kf2 Rxg4 31. Qh3 Ra2 32. cxb4 Rxb2+ 33. Kf1 f5 0-1

[Event "Chubut Easter op 1st"]
[Site "Chubut"]
[Date "2021.04.02"]
[Round "3"]
[White "Crespo, Eugenio"]
[Black "Slomka, Gustavo"]
[Result "1-0"]
[WhiteElo "2191"]
[BlackElo "1999"]
[PlyCount "71"]
[EventDate "2021.04.01"]
[EventType "swiss"]
[EventRounds "6"]
[EventCountry "ARG"]
[SourceTitle "EXT 2022"]
[Source "ChessBase"]
[SourceDate "2021.10.06"]
[SourceVersion "1"]
[SourceVersionDate "2021.10.06"]
[SourceQuality "1"]

1. Nf3 Nf6 2. c4 c5 3. Nc3 d5 4. cxd5 Nxd5 5. g3 Nc6 6. Bg2 Nc7 7. 0-0 e5 8. d3 Be7 9. Nd2 Bd7 10. Nc4 f6 11. f4 b5 12. Ne3 exf4 13. gxf4 Rb8 14. Ned5 0-0 15. e3 Kh8 16. Qh5 b4 17. Nxe7 Qxe7 18. Ne4 Rb5 19. f5 Rd8 20. a3 Be8 21. Qe2 a5 22. a4 Rbb8 23. Qc2 Na6 24. Qc4 Rb6 25. Nf2 Ne5 26. Qc2 Rbd6 27. Rd1 Bh5 28. Rd2 Qd7 29. e4 Rd4 30. b3 Bf3 31. Bb2 Bxg2 32. Kxg2 Rd6 33. Bxe5 fxe5 34. Qc4 Qe7 35. Qb5 Rh6 36. Qxa5 1-0

[Event "Trelew op"]
[Site "Trelew"]
[Date "2021.03.06"]
[Round "4"]
[White "Crespo, Eugenio"]
[Black "Campos, Maria Jose"]
[Result "1-0"]
[WhiteElo "2176"]
[BlackElo "2112"]
[PlyCount "131"]
[EventDate "2021.03.04"]
[EventType "swiss"]
[EventRounds "6"]
[EventCountry "ARG"]
[SourceTitle "EXT 2022"]
[Source "ChessBase"]
[SourceDate "2021.10.06"]
[SourceVersion "1"]
[SourceVersionDate "2021.10.06"]
[SourceQuality "1"]

1. Nf3 Nf6 2. g3 b6 3. Bg2 Bb7 4. c4 e6 5. 0-0 Be7 6. Nc3 0-0 7. Re1 d5 8. cxd5 exd5 9. d4 Na6 10. Bf4 Re8 11. Rc1 c6 12. Ne5 Nc7 13. Qa4 b5 14. Qd1 Ne6 15. Qd3 Qb6 16. Be3 Rad8 17. f4 Nd7 18. Bf2 a6 19. Qf5 Nxe5 20. dxe5 Bc5 21. Bxc5 Nxc5 22. Kh1 b4 23. Nd1 Ne6 24. h4 c5 25. Nf2 c4 26. e3 Bc8 27. Qh5 g6 28. Qe2 Ng7 29. Kh2 f6 30. Rcd1 fxe5 31. Bxd5+ Kh8 32. fxe5 Rxe5 33. Bxc4 Rf8 34. Nd3 Re4 35. Bd5 Bg4 36. Qd2 Ree8 37. Rc1 Nf5 38. Nxb4 Rxe3 39. Rc6 Qa7 40. Rxa6 Qc5 41. Rc6 Qe7 42. Rxe3 Qxe3 43. Qc3+ Qxc3 44. Rxc3 Nd4 45. Nc6 Ne2 46. Re3 Rf2+ 47. Bg2 Bd7 48. Ne5 Bf5 49. Rf3 Rxf3 50. Bxf3 Nd4 51. Bd5 Kg7 52. a4 Kf6 53. Nc6 Nc2 54. b4 Ne3 55. Bf3 Bd3 56. Kg1 Ke6 57. Kf2 Nc2 58. b5 Kd6 59. Bd1 Na3 60. Ke3 Bf1 61. Be2 Bg2 62. Bd3 Kc5 63. Kf4 Bd5 64. Kg5 Bb3 65. a5 Bd1 66. a6 1-0

[Event "Trelew op"]
[Site "Trelew"]
[Date "2019.08.19"]
[Round "6"]
[White "Moreno Perez, Tobias Sebastian"]
[Black "Crespo, Eugenio"]
[Result "0-1"]
[WhiteElo "1760"]
[BlackElo "2158"]
[PlyCount "81"]
[EventDate "2019.08.16"]
[EventType "swiss"]
[EventRounds "7"]
[EventCountry "ARG"]
[SourceTitle "EXT 2020"]
[Source "ChessBase"]
[SourceDate "2019.10.17"]
[SourceVersion "1"]
[SourceVersionDate "2019.10.17"]
[SourceQuality "1"]

1. d4 Nf6 2. Nf3 e6 3. Bg5 c5 4. e3 Qb6 5. Nbd2 d5 6. Rb1 Nc6 7. c3 Be7 8. Bd3 Bd7 9. Ne5 h6 10. Bxf6 Bxf6 11. f4 Bxe5 12. fxe5 0-0-0 13. b4 cxb4 14. cxb4 f6 15. b5 Ne7 16. Nf3 Kb8 17. Qd2 Be8 18. a4 Rc8 19. 0-0 Bh5 20. Qb4 Qd8 21. Rfc1 Bxf3 22. gxf3 fxe5 23. dxe5 Rf8 24. f4 g5 25. Qd6+ Qxd6 26. exd6 Rxc1+ 27. Rxc1 Nc8 28. d7 Nd6 29. fxg5 hxg5 30. a5 Rd8 31. b6 Rxd7 32. Rf1 Rf7 33. Rxf7 Nxf7 34. Kg2 axb6 35. axb6 Kc8 36. Kg3 Ne5 37. Bb5 Kd8 38. Bf1 Ke7 39. h3 Nd7 40. Kg4 Kf6 41. Bg2 0-1

[Event "Mar del Plata op 50th"]
[Site "Mar del Plata"]
[Date "2019.04.14"]
[Round "3"]
[White "Crespo, Eugenio"]
[Black "Romero Barreto, Jaime Jose"]
[Result "0-1"]
[WhiteElo "2151"]
[BlackElo "2337"]
[PlyCount "68"]
[EventDate "2019.04.13"]
[EventType "swiss"]
[EventRounds "9"]
[EventCountry "ARG"]
[SourceTitle "CBM 190 Extra"]
[Source "ChessBase"]
[SourceDate "2019.07.15"]
[SourceVersion "1"]
[SourceVersionDate "2019.07.15"]
[SourceQuality "1"]

1. Nf3 Nf6 2. c4 d6 3. g3 g6 4. Bg2 Bg7 5. 0-0 0-0 6. Nc3 e5 7. d3 Nc6 8. Rb1 a5 9. a3 h6 10. b4 axb4 11. axb4 Be6 12. e4 Qd7 13. Nd5 Ne8 14. b5 Nd8 15. Ne1 b6 16. f4 Bxd5 17. exd5 exf4 18. Bxf4 Kh7 19. Nc2 Nf6 20. Qf3 Nh5 21. Be3 f5 22. Bd4 Nf7 23. Bxg7 Nxg7 24. d4 Nh5 25. Ra1 Ng5 26. Qd3 Rae8 27. Rae1 Rxe1 28. Rxe1 f4 29. gxf4 Nxf4 30. Qg3 Nxg2 31. Kxg2 Rf3 32. Qh4 Qf5 33. Re7+ Kg8 34. Re2 Rf4 0-1

[Event "ARG-ch sf 94th"]
[Site "Buenos Aires"]
[Date "2019.04.01"]
[Round "3"]
[White "Crespo, Eugenio"]
[Black "Aguilar, Andres"]
[Result "0-1"]
[WhiteElo "2151"]
[BlackElo "2296"]
[PlyCount "104"]
[EventDate "2019.03.30"]
[EventType "swiss"]
[EventRounds "9"]
[EventCountry "ARG"]
[SourceTitle "CBM 189 Extra"]
[Source "ChessBase"]
[SourceDate "2019.05.31"]
[SourceVersion "1"]
[SourceVersionDate "2019.05.31"]
[SourceQuality "1"]

1. e4 c5 2. Nf3 Nc6 3. d4 cxd4 4. Nxd4 Qb6 5. Nb3 Nf6 6. Nc3 e6 7. Be3 Qc7 8. Bd3 a6 9. f4 d6 10. Qf3 b5 11. e5 dxe5 12. Na5 e4 13. Bxe4 Nxe4 14. Qxe4 Nxa5 15. Qxa8 Bb4 16. Qf3 Bb7 17. Qe2 Bxc3+ 18. bxc3 Qxc3+ 19. Kf2 Qc6 20. Kg3 Nc4 21. Ba7 Nd6 22. h3 h5 23. Kh2 h4 24. Rad1 Nf5 25. Rhg1 0-0 26. Qf2 Rc8 27. Rd2 Qc4 28. Rgd1 Bd5 29. a3 Ng3 30. Rd4 Qxc2 31. Qxc2 Rxc2 32. Rxd5 exd5 33. Rxd5 Rc1 34. Bg1 Ra1 35. Rd3 f6 36. f5 Nxf5 37. Bf2 Kf7 38. Rf3 Ke6 39. Rc3 Ra2 40. Bc5 Ng3 41. Rc1 Kd5 42. Bf8 g5 43. Rd1+ Ke6 44. Bd6 Ne4 45. Bb4 Ke5 46. Rd8 Ra1 47. Rc8 Kf5 48. Re8 Ng3 49. Be1 Rxa3 50. Rc8 Ne4 51. Bb4 Ra1 52. Bc5 Rc1 0-1

[Event "ARG-ch sf 94th"]
[Site "Buenos Aires"]
[Date "2019.03.30"]
[Round "1"]
[White "Crespo, Eugenio"]
[Black "Real de Azua, Ernesto"]
[Result "1-0"]
[WhiteElo "2151"]
[BlackElo "2474"]
[PlyCount "73"]
[EventDate "2019.03.30"]
[EventType "swiss"]
[EventRounds "9"]
[EventCountry "ARG"]
[SourceTitle "CBM 189 Extra"]
[Source "ChessBase"]
[SourceDate "2019.05.31"]
[SourceVersion "1"]
[SourceVersionDate "2019.05.31"]
[SourceQuality "1"]

1. Nf3 d5 2. g3 g6 3. Bg2 Bg7 4. d4 Nd7 5. 0-0 c6 6. Nbd2 Nh6 7. e4 0-0 8. Re1 dxe4 9. Nxe4 Nf5 10. c3 Nd6 11. Bg5 Nxe4 12. Rxe4 Nf6 13. Rh4 Re8 14. Qd2 Be6 15. Re1 Bxa2 16. Bh6 Bh8 17. Ne5 Nd7 18. f4 Bf6 19. Bg5 Bxg5 20. fxg5 Nxe5 21. Rxe5 f6 22. Ree4 f5 23. Re5 e6 24. Rh6 a5 25. h4 Re7 26. h5 Rg7 27. Qf4 a4 28. g4 Bb3 29. hxg6 hxg6 30. Qh2 Kf7 31. gxf5 exf5 32. Qf4 a3 33. bxa3 Rxa3 34. Re1 Ra2 35. Rh8 Qxh8 36. Qc7+ Kg8 37. Re8+ 1-0

[Event "Gibraltar Masters 17th"]
[Site "Caleta"]
[Date "2019.01.30"]
[Round "9"]
[White "Crespo, Eugenio"]
[Black "Zuo, Yifan"]
[Result "1/2-1/2"]
[WhiteElo "2169"]
[BlackElo "2298"]
[PlyCount "77"]
[EventDate "2019.01.22"]
[EventType "swiss"]
[EventRounds "10"]
[EventCountry "GGB"]
[SourceTitle "CBM 188 Extra"]
[Source "ChessBase"]
[SourceDate "2019.02.28"]
[SourceVersion "1"]
[SourceVersionDate "2019.02.28"]
[SourceQuality "1"]

1. e4 c5 2. Nf3 Nc6 3. d4 cxd4 4. Nxd4 g6 5. Nc3 Bg7 6. Be3 Nf6 7. Be2 0-0 8. Nb3 a5 9. a4 d6 10. 0-0 Be6 11. f4 Nd7 12. Qd2 Nb6 13. Nd5 Bxd5 14. exd5 Nb4 15. c4 Qc7 16. Nxa5 N6xd5 17. cxd5 Qxa5 18. Bb5 b6 19. Rac1 Na6 20. Qe2 Nc5 21. Rc4 Qa7 22. Qc2 e6 23. Rd1 Qe7 24. Bf2 exd5 25. Rxd5 Qe6 26. Qd1 Rfd8 27. b3 Bf6 28. h3 Rab8 29. Qf3 Qe7 30. b4 Ne6 31. f5 Nc7 32. Rxc7 Qxc7 33. fxg6 Be5 34. gxh7+ Kh8 35. Rd1 f6 36. Bd3 d5 37. Bh4 Rd6 38. Rf1 Qg7 39. Kh1 1/2-1/2

[Event "Gibraltar Masters 17th"]
[Site "Caleta"]
[Date "2019.01.28"]
[Round "7"]
[White "Crespo, Eugenio"]
[Black "Burke, Mitchell R"]
[Result "1-0"]
[WhiteElo "2169"]
[BlackElo "1994"]
[PlyCount "67"]
[EventDate "2019.01.22"]
[EventType "swiss"]
[EventRounds "10"]
[EventCountry "GGB"]
[SourceTitle "CBM 188 Extra"]
[Source "ChessBase"]
[SourceDate "2019.02.28"]
[SourceVersion "1"]
[SourceVersionDate "2019.02.28"]
[SourceQuality "1"]

1. e4 c5 2. Nf3 Nc6 3. d4 cxd4 4. Nxd4 d5 5. exd5 Qxd5 6. Be3 e6 7. Nc3 Bb4 8. Qg4 Qe5 9. Bb5 Bd7 10. 0-0 Bxc3 11. bxc3 Nf6 12. Qh4 0-0 13. Rab1 Nd5 14. Bd3 f5 15. Bd2 b6 16. Rfe1 Qf6 17. Bg5 Qg6 18. Be2 h6 19. Bd2 Rac8 20. Nf3 Nf6 21. Ba6 Rcd8 22. Bd3 Rfe8 23. Qc4 Na5 24. Qf4 Bc6 25. g3 Nh5 26. Qe3 Bd5 27. Ne5 Qf6 28. c4 Ba8 29. c5 f4 30. Qe2 f3 31. Qe3 Bc6 32. Bxa5 bxa5 33. Nxc6 Rd5 34. Be4 1-0

[Event "Gibraltar Masters 17th"]
[Site "Caleta"]
[Date "2019.01.25"]
[Round "4"]
[White "Belenkaya, Dina"]
[Black "Crespo, Eugenio"]
[Result "1-0"]
[WhiteElo "2357"]
[BlackElo "2169"]
[PlyCount "97"]
[EventDate "2019.01.22"]
[EventType "swiss"]
[EventRounds "10"]
[EventCountry "GGB"]
[SourceTitle "CBM 188 Extra"]
[Source "ChessBase"]
[SourceDate "2019.02.28"]
[SourceVersion "1"]
[SourceVersionDate "2019.02.28"]
[SourceQuality "1"]

1. e4 e6 2. d4 d5 3. Nd2 Nf6 4. e5 Nfd7 5. Bd3 c5 6. c3 Nc6 7. Ne2 cxd4 8. cxd4 f6 9. exf6 Nxf6 10. Nf3 Bd6 11. 0-0 0-0 12. Nc3 e5 13. dxe5 Nxe5 14. Be2 Be6 15. Nb5 Nxf3+ 16. Bxf3 Bc5 17. Nd4 Qb6 18. Nxe6 Qxe6 19. a3 Ne4 20. b4 Bb6 21. Bb2 Rxf3 22. gxf3 Ng5 23. Kh1 Nh3 24. Bd4 Bc7 25. f4 Rf8 26. f3 Rxf4 27. Ra2 Ng5 28. Rg2 Qf5 29. Rxg5 Qxg5 30. Be3 d4 31. Bxf4 Qxf4 32. Qe2 g6 33. Rd1 Kg7 34. Qc2 Kh6 35. Qe2 Be5 36. Qd2 Kg5 37. Kg2 h5 38. Qxf4+ Kxf4 39. Kf2 g5 40. h3 g4 41. fxg4 hxg4 42. hxg4 Kxg4 43. Rh1 d3 44. Ke3 Bb2 45. Kxd3 Bxa3 46. Kc3 a5 47. bxa5 Bc5 48. Rb1 Bf2 49. Kc4 1-0

[Event "Gibraltar Masters 17th"]
[Site "Caleta"]
[Date "2019.01.23"]
[Round "2"]
[White "Lane, Gary William"]
[Black "Crespo, Eugenio"]
[Result "1-0"]
[WhiteElo "2358"]
[BlackElo "2169"]
[PlyCount "69"]
[EventDate "2019.01.22"]
[EventType "swiss"]
[EventRounds "10"]
[EventCountry "GGB"]
[SourceTitle "CBM 188 Extra"]
[Source "ChessBase"]
[SourceDate "2019.02.28"]
[SourceVersion "1"]
[SourceVersionDate "2019.02.28"]
[SourceQuality "1"]

1. e4 e6 2. d4 d5 3. Nd2 Nf6 4. e5 Nfd7 5. c3 c5 6. Bd3 Nc6 7. Ne2 cxd4 8. cxd4 f6 9. exf6 Nxf6 10. Nf3 Bd6 11. 0-0 0-0 12. Bf4 Bxf4 13. Nxf4 Ne4 14. Qc1 Qd6 15. Ne2 Nf6 16. Ng3 e5 17. dxe5 Nxe5 18. Nxe5 Qxe5 19. Re1 Qd6 20. h3 Bd7 21. Qe3 Qb4 22. Re2 Rae8 23. Qd2 Qb6 24. Rd1 Bc6 25. Rxe8 Rxe8 26. Nf5 Ne4 27. Bxe4 Rxe4 28. Qc3 d4 29. Qc4+ Kf8 30. Nxd4 Qxb2 31. Qc5+ Kg8 32. Nxc6 bxc6 33. Rd8+ Kf7 34. Rf8+ Ke6 35. Qf5+ 1-0

[Event "Buenos Aires Szmetan Giardelli op"]
[Site "Buenos Aires"]
[Date "2018.12.12"]
[Round "9"]
[White "De Dovitiis, Alejo"]
[Black "Crespo, Eugenio"]
[Result "1-0"]
[WhiteElo "2360"]
[BlackElo "2156"]
[PlyCount "59"]
[EventDate "2018.12.04"]
[EventType "swiss"]
[EventRounds "9"]
[EventCountry "ARG"]
[SourceTitle "CBM 187 Extra"]
[Source "ChessBase"]
[SourceDate "2018.11.04"]
[SourceVersion "1"]
[SourceVersionDate "2018.11.04"]
[SourceQuality "1"]

1. e4 e6 2. d4 d5 3. exd5 exd5 4. Nf3 Nf6 5. Bd3 Bd6 6. 0-0 0-0 7. c4 dxc4 8. Bxc4 Nbd7 9. Nc3 Nb6 10. Bb3 Bf5 11. Re1 h6 12. Ne5 c6 13. Qf3 Bh7 14. Bf4 Bb4 15. a3 Be7 16. Rad1 Nfd5 17. Bc1 f6 18. Nc4 Kh8 19. Nxb6 Nxb6 20. d5 cxd5 21. Nxd5 Bd6 22. Nf4 Qc7 23. Ne6 Rg8 24. Bxh6 Bxh2+ 25. Kh1 Be5 26. Bf4 Bxf4 27. Nxf4 Rge8 28. Qh5 g6 29. Ne6 Re7 30. Qh6 1-0

[Event "Buenos Aires Szmetan Giardelli op"]
[Site "Buenos Aires"]
[Date "2018.12.08"]
[Round "5"]
[White "Crespo, Eugenio"]
[Black "Schnaider, Ilan"]
[Result "1-0"]
[WhiteElo "2156"]
[BlackElo "1665"]
[PlyCount "63"]
[EventDate "2018.12.04"]
[EventType "swiss"]
[EventRounds "9"]
[EventCountry "ARG"]
[SourceTitle "CBM 187 Extra"]
[Source "ChessBase"]
[SourceDate "2018.11.04"]
[SourceVersion "1"]
[SourceVersionDate "2018.11.04"]
[SourceQuality "1"]

1. Nf3 g6 2. e4 Bg7 3. d4 d6 4. Nc3 Bg4 5. Bc4 e6 6. Be3 Nc6 7. Qd2 Nge7 8. 0-0-0 d5 9. Be2 Qd7 10. h3 Bxf3 11. Bxf3 dxe4 12. Nxe4 0-0-0 13. c3 Qd5 14. Kb1 Qb5 15. Qc2 Na5 16. Bg5 f6 17. Bxf6 Bxf6 18. Nxf6 Rd6 19. Rhe1 Rb6 20. Ka1 Nc4 21. b3 Na5 22. Re5 Qa6 23. Be2 Nxb3+ 24. Qxb3 Rxb3 25. Bxa6 Rxc3 26. Rxe6 bxa6 27. Rxe7 Rc2 28. Ne4 Rf8 29. Kb1 Rc6 30. Rc1 Rxc1+ 31. Kxc1 Rd8 32. Nc5 1-0

[Event "Villa Constitucion op"]
[Site "Villa Constitucion"]
[Date "2018.09.01"]
[Round "3"]
[White "Tristan, Leonardo"]
[Black "Crespo, Eugenio"]
[Result "1-0"]
[WhiteElo "2456"]
[BlackElo "2173"]
[PlyCount "41"]
[EventDate "2018.08.31"]
[EventType "swiss"]
[EventRounds "6"]
[EventCountry "ARG"]
[SourceTitle "CBM 186 Extra"]
[Source "ChessBase"]
[SourceDate "2018.08.24"]
[SourceVersion "1"]
[SourceVersionDate "2018.08.24"]
[SourceQuality "1"]

1. e4 e6 2. d4 d5 3. exd5 exd5 4. Nf3 Nf6 5. Bd3 Bd6 6. 0-0 0-0 7. h3 c6 8. Nc3 Re8 9. Bg5 Nbd7 10. Nh4 Qb6 11. Nf5 Bf8 12. b3 Qa5 13. Qd2 g6 14. Nh6+ Kg7 15. a3 Bd6 16. Rfe1 Rxe1+ 17. Rxe1 Qxa3 18. Nb1 Qb4 19. c3 Qxb3 20. Nf5+ gxf5 21. Bxf6+ 1-0

[Event "Villa Tehuelches Cuarto op"]
[Site "Villa Tehuelches"]
[Date "2018.07.12"]
[Round "3"]
[White "Crespo, Eugenio"]
[Black "Martinez, Carlos3"]
[Result "1-0"]
[WhiteElo "2182"]
[BlackElo "1951"]
[PlyCount "63"]
[EventDate "2018.07.11"]
[EventType "swiss"]
[EventRounds "7"]
[EventCountry "CHI"]
[SourceTitle "EXT 2019"]
[Source "ChessBase"]
[SourceDate "2018.10.10"]
[SourceVersion "1"]
[SourceVersionDate "2018.10.10"]
[SourceQuality "1"]

1. Nf3 c5 2. g3 d5 3. Bg2 Nc6 4. d4 Nf6 5. 0-0 cxd4 6. Nxd4 e6 7. c4 Qb6 8. Nxc6 bxc6 9. Nc3 Be7 10. cxd5 exd5 11. b3 0-0 12. Bb2 Bf5 13. Rc1 Rac8 14. e3 Rfd8 15. Na4 Qa6 16. Qd4 Qe2 17. Qe5 Be6 18. Rfe1 Qg4 19. Nc5 Bxc5 20. Rxc5 Nd7 21. Qc3 Nxc5 22. Qxc5 Qg6 23. Rc1 h5 24. h4 Bf5 25. Bd4 Qe6 26. Qc3 Qg6 27. a4 Be4 28. Bh3 Rc7 29. b4 Rb7 30. a5 a6 31. Bb6 Qf6 32. Qxf6 1-0